Elektrárny. 3. [díl] /

Hlavní autor: Matoušek, Antonín
Další autoři: Ondrášek, Milan, Truneček, Jan
Jazyk: Čeština
Vydáno: Praha : SNTL, 1979
Vydání: 1. vyd.
Fyzický popis: 173 s. ; 4°
Knihy
Uloženo v:
LEADER 01242nam a22003372a 4500
001 000113157
003 CZ BrMZK
005 20060726102629.0
007 ta
008 950101s1979 xr f cze d
040 |a ABA001  |b cze  |c ABA001  |d ABA001  |d BOA001 
080 |a 621.311.1.004(075.8)  |2 undef 
100 1 |a Matoušek, Antonín  |7 ola2004216977  |4 aut 
245 1 0 |a Elektrárny.  |n 3. [díl] /  |c autoři: Antonín Matoušek, Milan Ondrášek, Jan Truneček 
250 |a 1. vyd. 
260 |a Praha :  |b SNTL,  |c 1979  |f (ST 6) 
300 |a 173 s. ;  |c 4° 
500 |a Obr. a tb. v textu 
500 |a Určeno pro posl. fak. elektrotechn. 
500 |a 342 výt. 
500 |a Vyd. VUT v Brně 
500 |a Přehl. lit. 
700 1 |a Ondrášek, Milan  |7 jx20050603025  |4 aut 
700 1 |a Truneček, Jan  |7 jx20051215024  |4 aut 
910 |a BOA001  |b 4-0802.441  |b TK-A-0197.490 
990 |a BK 
995 |a 01 
991 |b 200607 
996 7 |b 2619967760  |c 4-0802.441  |l MZK  |r Sklad / do 1 hodiny  |n 11  |w 000113157  |u 000010  |a 1  |e BOA001  |j MZK50  |s A 
996 6 |b BC-339156  |c TK-A-0197.490  |l MZK  |r Sklad / do 24 hodin  |n 0  |w 000113157  |u 000020  |a 1  |e BOA001  |j MZK50  |s P 
996 6 |b BC-339157  |c TK-A-0197.490  |l MZK  |r Sklad / do 24 hodin  |n 0  |w 000113157  |u 000030  |a 1  |e BOA001  |j MZK50  |s P